1000 vynálezov a objavov

Salvato in:
Dettagli Bibliografici
Natura: Libro
Lingua:slovacco
Pubblicazione: Bratislava : Svojtka&Co, 2009
Soggetti:
Accesso online:OBSAH
Tags: Aggiungi Tag
Nessun Tag, puoi essere il primo ad aggiungerne!!

MARC

LEADER 00000nam a22000003a 4500
001 stu244858
005 20150408164957.7
008 120323s2009----xo------------------slo-d
020 |a 978-80-8107-159-1 
040 |a STU  |b slo 
041 0 |a slo 
044 |a xo 
080 |a 0 
245 |a 1000 vynálezov a objavov 
260 |a Bratislava :  |b Svojtka&Co,  |c 2009 
300 |a 336 s 
650 7 |a vynálezy  |2 stusub 
650 7 |a objavy  |2 stusub 
856 4 |a https://sweb.mtf.stuba.sk/obsahy/1000_vynalezov_a_objavov_09  |u https://sweb.mtf.stuba.sk/obsahy/1000_vynalezov_a_objavov_09  |3 OBSAH 
996 |b 284M080888  |c M*13152-1  |l MMST  |s P  |a 0  |w stu244858_0001